Experimentálno-teoretické overovanie polotuhých spojov v drevených konštrukciách

Enregistré dans:
Détails bibliographiques
Auteur principal: Rácz, Attila (Auteur)
Autres auteurs: Sógel, Kristián (Directeur de thèse)
Format: Manuscrit Livre
Langue:slovaque
Publié: 2017
Sujets:
Accès en ligne:http://is.stuba.sk/zp/portal_zp.pl?podrobnosti=125939
https://opac.crzp.sk/?fn=detailBiblioForm&sid=E7FF18FD4FFD5019D5F8EA3CC38C
Tags: Ajouter un tag
Pas de tags, Soyez le premier à ajouter un tag!

MARC

LEADER 00000ntm a22000003a 4500
001 stuzp63211
003 SK-STU
005 20230817132141.1
007 ta
008 150427s2015----xo-----f-mn---000-0-slo-d
040 |a STU  |b slo 
041 0 |a slo 
100 1 |a Rácz, Attila  |u 010190  |4 aut  |U SvF Stavebná fakulta  |T SvF Katedra kovových a drevených konštrukcií  |X 9728  |U V190  |Y 21  |7 9728 
242 0 1 |a Experimental-theoretical verification of the stiffness of a semi-rigid timber connection  |y eng 
245 1 0 |a Experimentálno-teoretické overovanie polotuhých spojov v drevených konštrukciách 
260 |c 2017 
650 4 |a Teoretické určovanie  |2 slo 
650 4 |a Polotuhý spoj  |2 slo 
650 4 |a Drevené konštrukcie  |2 slo 
650 4 |a Timber structures  |2 eng 
650 4 |a Experimental verification  |2 eng 
650 4 |a Semi-rigid connection  |2 eng 
700 1 |a Sógel, Kristián  |u 010190  |k Z1  |4 ths  |U SvF Stavebná fakulta  |T SvF Katedra kovových a drevených konštrukcií  |X 4683  |U V190  |Y 21  |7 A000004683 
856 4 |u http://is.stuba.sk/zp/portal_zp.pl?podrobnosti=125939 
856 4 |u https://opac.crzp.sk/?fn=detailBiblioForm&sid=E7FF18FD4FFD5019D5F8EA3CC38C